00657 a2200181 4500003000400000005001700004008004100021020001800062040000900080082001500089100004600104245009900150260003700249300001100286942003600297952012500333999001700458OSt20240905103015.0231019b |||||||| |||| 00| 0 eng d a9782745195029 coclc a920bZAY/N aAl Malibary, Abdul Gaforr Zainuddin99762 aAn-Nahw al-arabi An-nawahi al-wazifiyya waddalaliyya /cDr. Abdul Gafoor Zeinuddin Al-Malibery bArabian Book House,aMalappuram. a328p.; 2ddccBKh920iALM/Ak920mALM/A 00102ddc40708GRAaMESbMEScARBd2023-10-19l0o920 ZAY/Np42877r2023-10-19 11:39:27v900.00w2023-10-19yBKzGR4R4 c42645d42645